[Event "SWE-ch"]
[Site "Borlange"]
[Date "1995.??.??"]
[Round "11"]
[White "Moberg, Karl Johan"]
[Black "Degerman, Lars"]
[Result "1/2-1/2"]
[WhiteElo "2420"]
[BlackElo "2485"]

1.e4 c5 2.Nf3 Nc6 3.d4 cxd4 4.Nxd4 Nf6 5.Nc3 d6 6.Bg5 e6 7.Qd2 a6 8.O-O-O h6
9.Be3 Qc7 10.f3 Rb8 11.Kb1 Be7 12.g4 Ne5 13.h4 b5 14.Bd3 b4 15.Nce2 Nfd7
16.g5 hxg5 17.hxg5 Rxh1 18.Rxh1 Nc5 19.f4 Nexd3 20.cxd3 a5 21.f5 e5 22.f6 gxf6
23.Rh8+ Kd7 24.gxf6 exd4 25.fxe7 Ba6 26.Rxb8 Qxb8 27.Bxd4 Qb5 28.Nf4 Ne6
29.Nxe6 Qxd3+ 30.Qxd3 Bxd3+ 31.Kc1 fxe6 32.e5 Kxe7 33.Bb6 a4 34.Ba5 dxe5
35.Bxb4+ Kd7 36.Kd2 Bc4 37.a3  1/2-1/2

[Event "SWE-ch"]
[Site "Borlange"]
[Date "1995.??.??"]
[Round "13"]
[White "Jonsson, M."]
[Black "Schneider, Lars Ake"]
[Result "1/2-1/2"]
[WhiteElo "2335"]
[BlackElo "2420"]

1.e4 c5 2.Nf3 Nc6 3.d4 cxd4 4.Nxd4 Nf6 5.Nc3 d6 6.Bg5 e6 7.Qd2 a6 8.O-O-O Bd7
9.f4 Be7 10.Nf3 b5 11.Bxf6 gxf6 12.g3 Qb6 13.Bh3 O-O-O 14.f5 Kb8 15.fxe6 fxe6  1/2-1/2

[Event "BRA-ch"]
[Site "?"]
[Date "1995.??.??"]
[Round "2"]
[White "Van Riemsdijk, Herman C"]
[Black "Milos, Gilberto"]
[Result "0-1"]
[WhiteElo "2370"]
[BlackElo "2555"]

1.e4 c5 2.Nf3 Nc6 3.d4 cxd4 4.Nxd4 Nf6 5.Nc3 d6 6.Bg5 e6 7.Qd2 a6 8.O-O-O h6
9.Be3 Qc7 10.f4 Bd7 11.Be2 Rc8 12.Nb3 b5 13.Bf3 Be7 14.Kb1 b4 15.Na4 Rb8
16.Qf2 e5 17.Nb6 exf4 18.Nxd7 fxe3 19.Nxf6+ Bxf6 20.Qxe3 O-O 21.Qd3 Rfd8
22.Qc4 Qb6 23.Be2 a5 24.Rhf1 a4 25.Nc1 a3 26.Nd3 d5 27.exd5 Nd4 28.Bg4 axb2
29.Nc5 Nb5  0-1

[Event "RUS-chT"]
[Site "Briansk"]
[Date "1995.??.??"]
[Round "2"]
[White "Rodin, Mihail"]
[Black "Chernyshov, Konstantin"]
[Result "1-0"]
[WhiteElo "2345"]
[BlackElo "2510"]

1.e4 c5 2.Nf3 Nc6 3.d4 cxd4 4.Nxd4 Nf6 5.Nc3 d6 6.Bg5 e6 7.Qd2 a6 8.O-O-O h6
9.Be3 Nxd4 10.Bxd4 b5 11.f3 Be7 12.Kb1 Bb7 13.g4 b4 14.Ne2 e5 15.Bf2 d5 16.Ng3 dxe4
17.Qe2 Qc7 18.fxe4 g6 19.Qf3 Bc8 20.h3 Be6 21.Bd3 Kf8 22.Nf1 a5 23.Ne3 a4
24.Nd5 Bxd5 25.exd5 Kg7 26.Rhf1 b3 27.cxb3 axb3 28.axb3 Qa5 29.Bc4 Rhc8 30.Be1 Qa2+
31.Kc2 e4 32.Qc3 Ra4 33.d6 Bd8 34.Qe5 e3 35.Bc3 Raxc4 36.bxc4 Qxc4 37.Qxe3 Ba5
38.d7 Qa4+ 39.Kb1 Rxc3 40.Qxc3 Bxc3 41.d8=Q Qb4 42.Rf2 Ne4 43.Rc2 Bf6 44.Qc7 Qb3
45.Rd7 Ng5 46.h4 Nf3 47.Qb7 Qxb7 48.Rxb7 Bxh4 49.Rd7 Ne5 50.Rd4 Kf6 51.b4 Be1
52.Re2 Bc3 53.Rd6+ Kg7 54.b5 Nc4 55.Rc6 Na3+ 56.Ka2 Nxb5 57.Rc5 Nd4 58.Re4 f5
59.gxf5 gxf5 60.Re3 Bd2 61.Rd3 Ne6 62.Rc6  1-0

[Event "RUS-chT"]
[Site "Briansk"]
[Date "1995.??.??"]
[Round "4"]
[White "Fedorov, Alexei"]
[Black "Kopjonkin, Gennady"]
[Result "1/2-1/2"]
[WhiteElo "2495"]
[BlackElo "2425"]

1.e4 c5 2.Nf3 d6 3.d4 cxd4 4.Nxd4 Nf6 5.Nc3 Nc6 6.Bg5 e6 7.Qd2 a6 8.O-O-O h6
9.Be3 Nxd4 10.Qxd4 Ng4 11.Be2 Nxe3 12.Qxe3 Qa5 13.Kb1 Qe5 14.Qb6 Be7 15.Qc7 Qc5
16.Qxc5 dxc5 17.e5 Bd7 18.Bh5 g6 19.Bf3 O-O-O 20.Ne4 Bc6 21.c4  1/2-1/2

[Event "RUS-chT"]
[Site "Briansk"]
[Date "1995.??.??"]
[Round "6"]
[White "Saulin, Dmitri"]
[Black "Selivjorstov, Albert"]
[Result "1-0"]
[WhiteElo "2340"]
[BlackElo "2345"]

1.e4 c5 2.Nf3 d6 3.d4 cxd4 4.Nxd4 Nf6 5.Nc3 Nc6 6.Bg5 Qb6 7.Nb3 e6 8.Be2 a6
9.O-O Qc7 10.a4 b6 11.f4 Be7 12.Qd3 Bb7 13.Qh3 Nb4 14.Bd3 h6 15.f5 e5 16.Rad1 Nxd3
17.cxd3 b5 18.Rc1 Qd8 19.axb5 axb5 20.Be3 Qd7 21.Qg3 b4 22.Ne2 Kf8 23.Nd2 Re8
24.Nc4 Qb5 25.b3 Nd7 26.Ra1 Ra8 27.Rxa8+ Bxa8 28.Ra1 Qb8 29.Ra7 Bc6 30.Na5 Qc8
31.Qe1 Bb5 32.Qxb4 Bxd3 33.Qc3 Qxc3 34.Nxc3 Nf6  1-0

[Event "Brussels op"]
[Site "Brussels"]
[Date "1995.??.??"]
[Round "?"]
[White "Dutreeuw, Marc"]
[Black "Mohandesi, Shahin"]
[Result "1-0"]
[WhiteElo "2380"]
[BlackElo "2265"]

1.e4 c5 2.Nf3 Nc6 3.d4 cxd4 4.Nxd4 Nf6 5.Nc3 d6 6.Bg5 e6 7.Qd2 a6 8.f3 Be7
9.O-O-O Bd7 10.Be3 O-O 11.g4 Nxd4 12.Bxd4 Bc6 13.h4 Nd7 14.g5 b5 15.Bd3 Qa5
16.Kb1 b4 17.Ne2 Rfb8 18.b3 Qc7 19.h5 e5 20.Bb2 Bb5 21.g6 fxg6 22.hxg6 hxg6
23.f4 Nf6 24.Rdg1 Bf8 25.Rxg6 Kf7 26.Rg5 Bxd3 27.cxd3 Rb5 28.Rc1 Qb8 29.fxe5 dxe5
30.Rc6 Ra7 31.Qc2 Rd7 32.Qc4+ Ke8 33.Qe6+ Kd8 34.Rxe5 Rd6 35.Rxb5 axb5 36.Rxd6+ Bxd6
37.e5  1-0

[Event "Ciocaltea mem"]
[Site "Bucharest"]
[Date "1995.??.??"]
[Round "1"]
[White "Nevednichy, Vladislav"]
[Black "Atalik, Suat"]
[Result "1-0"]
[WhiteElo "2485"]
[BlackElo "2500"]

1.e4 c5 2.Nf3 d6 3.d4 cxd4 4.Nxd4 Nf6 5.Nc3 Nc6 6.Bg5 Qb6 7.Nb3 e6 8.Bxf6 gxf6
9.Qd2 a6 10.O-O-O Bd7 11.f4 O-O-O 12.Kb1 Kb8 13.Be2 h5 14.Rhf1 Be7 15.Bf3 Na5
16.Nxa5 Qxa5 17.Ne2 Qxd2 18.Rxd2 h4 19.f5 Rdg8 20.h3 Rg7 21.Bg4 Bc6 22.Nc3 Rhg8
23.fxe6 fxe6 24.Bxe6 Rxg2 25.Rxg2 Rxg2 26.a3 Rg5 27.Rf4 Rh5 28.Rg4 Rh8 29.Nd5 Bd8
30.c4 Bxd5 31.Bxd5 Rh7 32.Rg8 Kc7 33.Bxb7 Kxb7 34.Rxd8 Kc6 35.Kc2 Re7 36.Kd3 Rg7
37.Rc8+ Kb7 38.Rf8 Rg3+ 39.Kd4 Rxh3 40.Rxf6 Rh1 41.Rh6 h3 42.Kc3 h2 43.Kb4 Kc6
44.Rh5 Kb6 45.b3 Re1 46.Rxh2 Rxe4 47.Rh6 Kc6 48.a4 Re5 49.a5 Re7 50.Rh8 Kc7
51.Ka4 Rg7 52.b4 Kb7 53.Rh5 Rg4 54.Rh7+ Kb8 55.Kb3 Rg3+ 56.Kc2 Rg4 57.Kc3 Rg3+
58.Kd4 Rb3 59.Rd7 Rxb4 60.Rxd6 Kb7 61.Rd7+ Kc6 62.Ra7 Ra4 63.Rxa6+ Kb7 64.Rb6+ Kc7
65.Rb5 Kc6 66.Re5 Ra1 67.Re6+ Kd7 68.Ra6 Kc7 69.Kc5 Kb7 70.Rb6+ Kc7 71.Rc6+ Kb8
72.a6 Ka7 73.Rd6 Ra5+ 74.Kd4 Rh5 75.c5 Rh4+ 76.Kd5 Rh5+ 77.Kc4 Rh1 78.Re6 Rc1+
79.Kb5 Rb1+ 80.Kc6 Rh1  1-0

[Event "Ciocaltea mem"]
[Site "Bucharest"]
[Date "1995.??.??"]
[Round "6"]
[White "Brodsky, Michail"]
[Black "Nevednichy, Vladislav"]
[Result "1-0"]
[WhiteElo "2535"]
[BlackElo "2485"]

1.e4 c5 2.Nf3 d6 3.d4 cxd4 4.Nxd4 Nf6 5.Nc3 Nc6 6.Bg5 e6 7.Qd2 a6 8.O-O-O Bd7
9.f4 h6 10.Bh4 g5 11.fxg5 Ng4 12.Nxc6 Bxc6 13.Be2 Ne5 14.g3 Ng6 15.Kb1 Be7
16.gxh6 Bxh4 17.gxh4 Qxh4 18.Qxd6 Rxh6 19.Bxa6 Rd8 20.Qc5 Rxd1+ 21.Rxd1 Qe7
22.Qe3 Rh4 23.Bb5 Bxb5 24.Nxb5 Kf8 25.Qe2 Qc5 26.Nd6 b6 27.a3 Rf4 28.Qa6 Kg7
29.Qa4 Ne5 30.h3 Rf2 31.h4 Kg6 32.Qb3 Kh5 33.a4 Kh6 34.Nb7  1-0

[Event "Spring op"]
[Site "Budapest"]
[Date "1995.??.??"]
[Round "?"]
[White "Videki, Sandor"]
[Black "Cicak, Slavko"]
[Result "1-0"]
[WhiteElo "2455"]
[BlackElo "2350"]

1.e4 c5 2.Nf3 d6 3.d4 cxd4 4.Nxd4 Nf6 5.Nc3 Nc6 6.Bg5 e6 7.Qd2 Be7 8.O-O-O Nxd4
9.Qxd4 O-O 10.e5 dxe5 11.Qxe5 Bd7 12.h4 Rc8 13.Ne4 Nxe4 14.Qxe4 Bc6 15.Qe5 Qc7
16.Qxc7 Rxc7 17.Bxe7 Rxe7 18.Rh3 f5 19.Ra3 a6 20.Rc3 Bd5 21.f4 Kf7 22.g3 b5
23.Rc5 Ree8 24.a4 bxa4 25.Rd4 Rc8 26.Rxc8 Rxc8 27.Bxa6 Rc5 28.Rxa4 Bb3 29.Ra3 Rxc2+
30.Kb1 Rc6 31.Rxb3 Rxa6 32.Kc2 Kf6 33.Re3 Rc6+ 34.Kd2 h6 35.h5 g5 36.hxg6 Kxg6
37.b4 Kh5 38.Kd3 Kg4 39.Kd4 h5 40.b5 Rc1 41.b6 Rb1 42.Kc5 h4 43.gxh4 Kxh4
44.Rc3 e5 45.fxe5 Kg5 46.e6 Kf6 47.Re3 Ke7 48.Kc6 Rc1+ 49.Kb7 f4 50.Rf3 Rc4
51.Ka6 Kxe6 52.Kb5 Rc1 53.Rxf4 Kd7 54.Ka6 Kc8 55.Rf8+ Kd7 56.b7 Ra1+ 57.Kb6 Rb1+
58.Ka7 Ra1+ 59.Kb8 Re1 60.Rf4 Kc6 61.Rc4+ Kb6 62.Rb4+ Kc6 63.Rb2 Re3 64.Ra2  1-0

[Event "Budapest FS07 IM-A"]
[Site "Budapest"]
[Date "1995.??.??"]
[Round "?"]
[White "Stillger, Bernhard"]
[Black "Patelli, Alessandro"]
[Result "1/2-1/2"]
[WhiteElo "2285"]
[BlackElo "2205"]

1.e4 c5 2.Nf3 d6 3.d4 cxd4 4.Nxd4 Nf6 5.Nc3 Nc6 6.Bg5 Bd7 7.Qd2 Rc8 8.O-O-O Nxd4
9.Qxd4 Qa5 10.h4 e5 11.Qd3 Rxc3 12.bxc3 Qxa2 13.Be2 a6 14.Kd2 Qe6 15.f3 Bc6
16.Ke1 Nd7 17.Be3 Be7 18.g4 O-O 19.Qc4 Qxc4 20.Bxc4 Rc8 21.Bb3 Bb5 22.c4 Bxc4
23.Bxc4 Rxc4 24.Kd2 Bd8 25.Kd3 Rc6 26.Ra1 Bb6 27.Bxb6 Nxb6 28.Rab1  1/2-1/2

[Event "Spring op"]
[Site "Budapest"]
[Date "1995.??.??"]
[Round "?"]
[White "Lengyel, Bela"]
[Black "Videki, Sandor"]
[Result "1/2-1/2"]
[WhiteElo "2320"]
[BlackElo "2455"]

1.e4 c5 2.Nf3 d6 3.d4 cxd4 4.Nxd4 Nf6 5.Nc3 Nc6 6.Bg5 e6 7.Bb5 Qb6 8.Nb3 Be7
9.O-O O-O 10.a4 Qc7 11.Be2 Rd8 12.Bf4 Ne5 13.Bg3 a6 14.Qd4 b6 15.f4 Nc6 16.Qf2 Bb7
17.Bf3 Nd7 18.Kh1 Nc5 19.Rad1 Rd7 20.f5 Bf6 21.fxe6 fxe6 22.Bg4 Re8 23.Qe3 Nxb3
24.cxb3 Ne5 25.Be2 Qc5 26.Bf2 Qxe3 27.Bxe3 Bd8 28.Bf4 Bf6 29.Be3 Bd8 30.Rd2 Bc7
31.Bf4 Rf7 32.Bxe5 dxe5 33.Rfd1 Ree7 34.Bc4 g6 35.b4 Rf4 36.Rc1 Kf8 37.b5 a5
38.Kg1 Ke8 39.g3 Rff7 40.Rf1 Rxf1+ 41.Kxf1 Rd7 42.Rxd7 Kxd7 43.Ke2 Bd6 44.Kf3 Bc5
45.Na2 Bd4 46.b4 Bb2 47.Bd3 Kd6 48.Ke3 h5 49.h3 Bd4+  1/2-1/2

[Event "Budapest FS07 IM-A"]
[Site "Budapest"]
[Date "1995.??.??"]
[Round "?"]
[White "Turzo, Attila"]
[Black "Patelli, Alessandro"]
[Result "1/2-1/2"]
[WhiteElo "2310"]
[BlackElo "2205"]

1.e4 c5 2.Nf3 d6 3.d4 cxd4 4.Nxd4 Nf6 5.Nc3 Nc6 6.Bg5 Bd7 7.Qd2 Rc8 8.f4 h6
9.Bxf6 gxf6 10.O-O-O a6 11.Kb1 e6 12.f5 Nxd4 13.Qxd4 e5 14.Qd2 b5 15.Be2 Bc6
16.Bh5 Qc7 17.Rc1 Qb7 18.Rhd1 Bxe4 19.Nxe4 Qxe4 20.Bf3 Qc4 21.Qa5 Be7 22.b3 Qc7
23.Qxa6 O-O 24.Qxb5 d5 25.c4 d4 26.Qd5 Qa7 27.Rd3 Qa3 28.Rc2 Bb4 29.Bd1 Bc3
30.Rg3+ Kh7 31.Rh3 Ra8 32.Re2 Qb4 33.Qe4 Bd2 34.Qc2 Bg5  1/2-1/2

[Event "Spring op"]
[Site "Budapest"]
[Date "1995.??.??"]
[Round "?"]
[White "Besztercsenyi, Tibor"]
[Black "Cicak, Slavko"]
[Result "0-1"]
[WhiteElo "2275"]
[BlackElo "2350"]

1.e4 c5 2.Nf3 d6 3.d4 cxd4 4.Nxd4 Nf6 5.Nc3 Nc6 6.Bg5 e6 7.Qd2 Be7 8.O-O-O Nxd4
9.Qxd4 O-O 10.f3 a6 11.Be2 Qa5 12.Bd2 Qc7 13.Be3 Nd7 14.h4 b5 15.Bg5 f6 16.Bf4 Ne5
17.h5 h6 18.Be3 Bb7 19.a3 Rac8 20.Kb1 Rfd8 21.Rc1 Nc6 22.Qd2 d5 23.exd5 b4
24.axb4 Nxb4 25.Qd4 Nxd5 26.Nxd5 Rxd5 27.Qb6 Qxb6 28.Bxb6 Rc6 29.Ba7 Rd2
30.Rhe1 Bc5 31.Bxc5 Rxc5 32.Bd3 Kf7 33.Re2 Rxe2 34.Bxe2 Rxh5 35.c4 Rh2 36.Bf1 a5
37.Ka2 Ke7 38.Ka3 Bc6 39.b4 axb4+ 40.Kxb4 Kd6 41.Rd1+ Kc7 42.Ra1 Rh1 43.Kc5 Bb7
44.Kd4 e5+ 45.Ke3 g5 46.Kf2 Rh4 47.Bd3 Rd4 48.Ke3 h5 49.Rh1 h4 50.Rb1 g4
51.Be2 g3 52.Bd3 Bc8 53.Ra1 f5 54.Ra7+ Kb8  0-1

[Event "Budapest FS07 GM"]
[Site "Budapest"]
[Date "1995.??.??"]
[Round "?"]
[White "Enders, Peter"]
[Black "Gonzalez Garcia, Jose"]
[Result "1-0"]
[WhiteElo "2470"]
[BlackElo "2375"]

1.e4 c5 2.Nf3 d6 3.d4 cxd4 4.Nxd4 Nf6 5.Nc3 Nc6 6.Bg5 e6 7.Qd2 a6 8.O-O-O h6
9.Be3 Be7 10.f4 Bd7 11.h3 b5 12.Bd3 Nxd4 13.Bxd4 b4 14.Ne2 e5 15.Be3 Qa5
16.Kb1 O-O 17.g4 exf4 18.Bxf4 Be6 19.b3 Nd7 20.Nd4 Rac8 21.Rhg1 Ne5 22.g5 h5
23.Bxe5 Qxe5 24.Bxa6 Rc3 25.h4 Qxe4 26.Nxe6 fxe6 27.Rge1 Qf5 28.Bd3 Qh3 29.Qe2 e5
30.Bc4+ Rxc4 31.Qxc4+ Kh8 32.Qxb4 Rf2 33.Qe4 Qc3 34.Rf1 d5 35.Qg6  1-0

[Event "Spring op"]
[Site "Budapest"]
[Date "1995.??.??"]
[Round "?"]
[White "Borocz, Istvan"]
[Black "Kovacs, Janos"]
[Result "1-0"]
[WhiteElo "2415"]
[BlackElo "2180"]

1.e4 c5 2.Nf3 d6 3.d4 cxd4 4.Nxd4 Nf6 5.Nc3 Nc6 6.Bg5 e6 7.Qd2 a6 8.O-O-O Bd7
9.f4 b5 10.Bxf6 gxf6 11.Nf3 Qb6 12.Kb1 O-O-O 13.Bd3 h5 14.g3 Kb8 15.Rhe1 Bc8
16.Bf1 Bh6 17.Re3 Bb7 18.Bg2 Na5 19.b3 h4 20.Nxh4 Bxf4 21.gxf4 Rxh4 22.Rh3 Rxh3
23.Bxh3 Nc6 24.Bg2 Qc5 25.Kb2 Kc7 26.a3 Ne7 27.b4 Qb6 28.Bf1 d5 29.exd5 Bxd5
30.Qe1 Bc6 31.Rxd8 Kxd8 32.Qd2+ Kc7 33.Bh3 f5 34.Bf1 Nd5 35.Nxd5+ Bxd5 36.Qc3+ Kd7
37.Qf6 Ke8 38.Be2 Qc7 39.Qh8+ Ke7 40.Qd4 f6 41.Bd3 Qb7 42.Qc5+ Kf7 43.Qd6 Be4
44.Be2 Kg6 45.Qxe6 Qc7 46.Qg8+  1-0

[Event "Budapest FS07 GM"]
[Site "Budapest"]
[Date "1995.??.??"]
[Round "?"]
[White "Enders, Peter"]
[Black "Muir, Andrew J"]
[Result "1-0"]
[WhiteElo "2470"]
[BlackElo "2315"]

1.e4 c5 2.Nf3 Nc6 3.d4 cxd4 4.Nxd4 Nf6 5.Nc3 d6 6.Bg5 e6 7.Qd2 Be7 8.O-O-O O-O
9.h4 h6 10.f4 Nxd4 11.Qxd4 e5 12.fxe5 hxg5 13.exd6 Qxd6 14.Qxd6 Bxd6 15.Rxd6 gxh4
16.Rxh4 Be6 17.e5 Ng4 18.Bd3 Nxe5 19.Bh7+ Kh8 20.Be4+ Kg8 21.Bxb7 Rad8 22.Rxd8 Rxd8
23.Ra4 g6 24.Rxa7 Rd7 25.b3 Kg7 26.Nb5 f5 27.a4 g5 28.a5 f4 29.Be4 g4 30.Rxd7+ Bxd7
31.Nd4 Bc8 32.a6 f3 33.gxf3 Bxa6 34.fxg4 Nxg4 35.b4 Kf6 36.b5 Bc8 37.Nf3 Ne3
38.b6 Nc4 39.b7 Bxb7 40.Bxb7 Na3 41.Ba6 Nxc2 42.Kxc2 Kf5 43.Kd3 Kf4 44.Bb7 Kf5
45.Be4+ Kf6 46.Kd4 Ke6 47.Kc5 Ke7 48.Bf5 Kf6 49.Bg4 Ke7 50.Kd5 Kf6 51.Be6 Kg7
52.Kd6 Kf6 53.Kd7 Kg7 54.Ke7 Kg6 55.Bd7 Kg7 56.Be8 Kh7 57.Kf6 Kh6 58.Ne5 Kh7
59.Bg6+ Kh8 60.Nf7+ Kg8 61.Bb1 Kf8 62.Bh7 Ke8 63.Ne5 Kd8 64.Ke6 Kc7 65.Nd7 Kc6
66.Bd3 Kc7 67.Be4 Kd8 68.Kd6 Kc8 69.Nc5 Kd8 70.Bc6 Kc8 71.Bd7+ Kb8 72.Kc6 Ka7
73.Kc7 Ka8 74.Kb6 Kb8 75.Na6+ Ka8 76.Bc6+  1-0

[Event "Budapest FS07 GM"]
[Site "Budapest"]
[Date "1995.??.??"]
[Round "?"]
[White "McDonald, Neil R"]
[Black "Csom, Istvan"]
[Result "1-0"]
[WhiteElo "2425"]
[BlackElo "2455"]

1.e4 c5 2.Nf3 d6 3.d4 cxd4 4.Nxd4 Nf6 5.Nc3 Nc6 6.Bg5 e6 7.Qd2 a6 8.O-O-O h6
9.Be3 Qc7 10.f3 Bd7 11.g4 Ne5 12.h4 b5 13.a3 Rb8 14.Kb1 g6 15.Rh2 Nc4 16.Bxc4 Qxc4
17.Nb3 Qc7 18.Bf4 e5 19.Bxh6 Bxh6 20.g5 Be6 21.gxh6 Rd8 22.f4 exf4 23.Qxf4 Nh5
24.Qg5 O-O 25.Rhd2 Kh7 26.e5 d5 27.Nd4 Rfe8 28.Rf2 Rd7 29.Rdf1 Bh3 30.Nxd5 Qb7
31.Nf6+ Nxf6 32.Qxf6 Rg8 33.Qxf7+ Rxf7 34.Rxf7+ Qxf7 35.Rxf7+ Kxh6 36.Rb7 Bf1
37.e6 Re8 38.Kc1 Bh3 39.Rb6 Kh5 40.Rxa6 Kxh4 41.e7 g5 42.Rh6+ Kg3 43.Rh7 Bd7
44.Kd2 Kf4 45.Rf7+ Ke4 46.Nf3 g4 47.Ng5+ Ke5 48.Ke3 Bc6 49.Nh7 Ke6 50.Rg7 Bf3
51.Kf4 Bd1 52.c3 Be2 53.Ng5+ Kf6 54.Rh7 Kg6 55.Ne4  1-0

[Event "Budapest Mediflora"]
[Site "Budapest"]
[Date "1995.??.??"]
[Round "1"]
[White "Almasi, Istvan"]
[Black "Anka, Emil"]
[Result "1-0"]
[WhiteElo "2375"]
[BlackElo "2410"]

1.e4 c5 2.Nf3 Nc6 3.d4 cxd4 4.Nxd4 Nf6 5.Nc3 d6 6.Bg5 e6 7.Qd2 a6 8.O-O-O h6
9.Bh4 Nxe4 10.Qf4 Ng5 11.Nxc6 bxc6 12.Qa4 Qc7 13.f4 Nh7 14.f5 Be7 15.Bxe7 Kxe7
16.Qg4 Kf8 17.Qd4 d5 18.Qc5+ Kg8 19.fxe6 fxe6 20.Rxd5 exd5 21.Nxd5 Qa7 22.Ne7+ Kf7
23.Bc4+ Ke8 24.Qxa7 Rxa7 25.Nxc8 Ra8 26.Re1+ Kd8 27.Ne7 Kc7 28.Nf5 Rhe8 29.Rxe8 Rxe8
30.Nxg7 Re1+ 31.Kd2 Rg1 32.Ne6+ Kd6 33.Nf4 Nf6 34.Be2 Nd5 35.Nxd5 cxd5 36.Bf3 Ra1
37.a3 Kc5 38.c3 Rh1 39.h3 a5 40.b4+ Kd6 41.a4 Ra1 42.Bd1 axb4 43.cxb4 Ke5
44.b5 Kd6 45.g4 Ra3 46.h4 Kc5 47.Bc2 Rh3 48.h5 Rg3 49.Bd1 d4 50.Be2 Ra3 51.Bd1 Kc4
52.b6 Ra2+ 53.Ke1 Rb2 54.a5 Rb5 55.Ba4 Rb1+ 56.Kd2 Rb2+ 57.Ke1 Rb1+ 58.Kd2 Rb2+
59.Ke1 d3 60.g5 Kd4 61.gxh6 Ke3 62.Kf1 Rc2 63.h7 Kf3 64.Ke1 Ke3 65.Kd1 Rh2
66.Kc1 d2+ 67.Kb1 Rxh5 68.b7 Rb5+ 69.Kc2 Rd5 70.Kb2 Rb5+ 71.Bxb5 d1=Q 72.h8=Q Qd2+
73.Kb3 Qd1+ 74.Kb4 Qd6+ 75.Kc4 Qc7+ 76.Kb3 Qxb7 77.Qe5+ Kd2 78.Qc3+ Kd1 79.Qc2+  1-0

[Event "Budapest FS10 GM"]
[Site "Budapest"]
[Date "1995.??.??"]
[Round "1"]
[White "Van den Doel, Erik"]
[Black "El Ghazali, Youssef M"]
[Result "1-0"]
[WhiteElo "2305"]
[BlackElo "2315"]

1.e4 c5 2.Nf3 Nc6 3.d4 cxd4 4.Nxd4 Nf6 5.Nc3 d6 6.Bg5 e6 7.Qd2 Be7 8.O-O-O O-O
9.Nb3 Qb6 10.f3 Rd8 11.Kb1 a6 12.Be3 Qc7 13.Qf2 Nd7 14.g4 b5 15.h4 Nce5 16.g5 b4
17.Ne2 Bb7 18.Rg1 d5 19.f4 Nc4 20.e5 a5 21.Nbd4 a4 22.g6 hxg6 23.h5 b3 24.hxg6 bxc2+
25.Nxc2 fxg6 26.Rxg6 Nf8 27.Rg4 Rab8 28.Qg3 Ba3 29.Bb6 Nxb6 30.Nxa3 Nc4 31.Nb5 Qf7
32.Ned4 Ba8 33.Bxc4 dxc4 34.Rg1 g6 35.Nd6 Rxd6 36.exd6 Bb7 37.Qe3 a3 38.Qxa3 Be4+
39.Ka1 Ra8 40.Qc3 Qd7 41.Nf3 Qa4 42.a3 Qb3 43.Qxb3 cxb3 44.Nd2 Bd5 45.R4g3 Rb8
46.Rd3 Rb5 47.Rgg3 Kf7 48.Nxb3 Rb6 49.Nc5 Rxd6 50.b4 Rb6 51.Kb2 Kf6 52.Rg5 Rb8
53.Rd4 Kf7 54.a4 Bc6 55.b5 Nh7 56.Nd7 Bxd7 57.Rxd7+ Ke8  1-0

[Event "Budapest FS08 IM-B"]
[Site "Budapest"]
[Date "1995.??.??"]
[Round "1"]
[White "Payen, Arnaud"]
[Black "Hjelm, Niclas"]
[Result "0-1"]
[WhiteElo "2345"]
[BlackElo "2335"]

1.e4 c5 2.Nf3 Nc6 3.d4 cxd4 4.Nxd4 Nf6 5.Nc3 d6 6.Bg5 e6 7.Qd2 a6 8.O-O-O h6
9.Bf4 Bd7 10.Bg3 Be7 11.Be2 Rc8 12.f4 b5 13.Bxb5 axb5 14.Ndxb5 d5 15.exd5 exd5
16.Nxd5 Nxd5 17.Qxd5 Nb4 18.Nd6+ Bxd6 19.Qxd6 Nxc2 20.Kb1 Qe7 21.Qxe7+ Kxe7
22.Rd5 Be6 23.Re5 f6 24.Ra5 Rhd8 25.f5 Rd5 26.Ra7+ Rd7 27.Ra5 Rd5 28.Ra7+ Bd7
29.Rc1 Na3+  0-1

[Event "Budapest FS05 IM"]
[Site "Budapest"]
[Date "1995.??.??"]
[Round "2"]
[White "Lengyel, Bela"]
[Black "Estrada Nieto, Julian"]
[Result "1-0"]
[WhiteElo "2320"]
[BlackElo "2340"]

1.e4 c5 2.Nf3 d6 3.d4 cxd4 4.Nxd4 Nf6 5.Nc3 Nc6 6.Bg5 e6 7.Bb5 Bd7 8.O-O Be7
9.Nb3 Qc7 10.a4 a6 11.Be2 O-O 12.Qd2 h6 13.Be3 Ne5 14.f4 Nc4 15.Bxc4 Qxc4
16.e5 dxe5 17.fxe5 Nd5 18.Nxd5 exd5 19.Nd4 Rac8 20.c3 b5 21.axb5 axb5 22.Ra7 Rcd8
23.Rf3 Kh7 24.Bxh6 gxh6 25.Rxd7 Bg5 26.Qc2+ Kg8 27.b3 Qc5 28.Rfxf7  1-0

[Event "Budapest FS12 GM"]
[Site "Budapest"]
[Date "1995.??.??"]
[Round "4"]
[White "Varga, Zoltan"]
[Black "Cao Sang"]
[Result "1-0"]
[WhiteElo "2535"]
[BlackElo "2420"]

1.e4 c5 2.Nf3 Nc6 3.d4 cxd4 4.Nxd4 Nf6 5.Nc3 d6 6.Bg5 e6 7.Qd2 a6 8.O-O-O h6
9.Be3 Bd7 10.f3 Qc7 11.g4 Ne5 12.h4 b5 13.Rg1 g6 14.g5 hxg5 15.hxg5 Nh5 16.f4 Nc4
17.Bxc4 Qxc4 18.Kb1 b4 19.Nce2 a5 20.Rh1 Qc7 21.Ng3 Nxg3 22.Rxh8 Nxe4 23.Qh2 Rc8
24.Re1 d5 25.Nf3 Ba4 26.b3 Bb5 27.Bd4 Qe7 28.f5 exf5 29.Bf6 Qc5 30.Rxf8+ Qxf8
31.Qe5+ Kd7 32.Qxd5+ Kc7 33.Qxb5  1-0

[Event "Budapest FS11 GM"]
[Site "Budapest"]
[Date "1995.??.??"]
[Round "4"]
[White "Cao Sang"]
[Black "Csom, Istvan"]
[Result "1/2-1/2"]
[WhiteElo "2420"]
[BlackElo "2455"]

1.e4 c5 2.Nf3 d6 3.d4 cxd4 4.Nxd4 Nf6 5.Nc3 Nc6 6.Bg5 e6 7.Qd2 a6 8.O-O-O h6
9.Be3 Bd7 10.f3 Qc7 11.g4 Ne5 12.Kb1 b5 13.Bd3 Nc4 14.Bxc4 Qxc4 15.h4 g6
16.Rhe1 b4 17.Nce2 a5 18.Ng3 e5 19.g5 hxg5 20.hxg5 Rh3 21.Nde2 Nh5 22.Nxh5 Rxh5
23.Nc1 Be6  1/2-1/2

[Event "Budapest FS08 IM-A"]
[Site "Budapest"]
[Date "1995.??.??"]
[Round "5"]
[White "Madl, Ildiko"]
[Black "Rotman, Daniel"]
[Result "0-1"]
[WhiteElo "2370"]
[BlackElo "2235"]

1.e4 c5 2.Nf3 d6 3.d4 cxd4 4.Nxd4 Nf6 5.Nc3 Nc6 6.Bg5 e6 7.Bb5 Qb6 8.Nb3 a6
9.Be2 Qc7 10.O-O Be7 11.f4 b5 12.Bf3 Bb7 13.Qe1 b4 14.Na4 h6 15.Bh4 g5 16.fxg5 hxg5
17.Bg3 Ne5 18.Qxb4 g4 19.Be2 Nxe4 20.Bxe5 dxe5 21.Qb6 Qxb6+ 22.Nxb6 Bg5 23.Nc4 Bf4
24.g3 Nxg3 25.hxg3 Rh1+ 26.Kf2 Rh2+ 27.Ke1 Bxg3+ 28.Kd1 Rd8+ 29.Nbd2 Bf4
30.Bd3 Bxd2 31.Nxe5 Bg5 32.Nxf7 Bf3+ 33.Rxf3 gxf3 34.Nxg5 Rh1+ 35.Kd2 Rxa1
36.Nxe6 Rxd3+  0-1

[Event "Budapest FS11 IM-B"]
[Site "Budapest"]
[Date "1995.??.??"]
[Round "5"]
[White "Borsavolgyi, Tamas"]
[Black "Varga, Peter"]
[Result "1-0"]
[WhiteElo "2320"]
[BlackElo "2415"]

1.e4 c5 2.Nf3 Nc6 3.d4 cxd4 4.Nxd4 Nf6 5.Nc3 d6 6.Bg5 e6 7.Qd2 a6 8.O-O-O h6
9.Be3 Qc7 10.f3 Bd7 11.g4 Na5 12.Nb3 Nxb3+ 13.cxb3 Bc6 14.Kb1 d5 15.Bf4 Qd8
16.Qe3 b5 17.Be2 Be7 18.h4 d4 19.Rxd4 Qa5 20.Rdd1 b4 21.Na4 Bxa4 22.bxa4 e5
23.Bg3 Bc5 24.Qc1 Nd7 25.Rd5 Qb6 26.a5 Qxa5 27.Rhd1 Ra7 28.Bxe5 b3 29.axb3 Qb6
30.Bd6 Bxd6 31.Rxd6 Qd8 32.Qe3 Rc7 33.Qd4 Qe7 34.Bxa6 O-O 35.Rxd7 Rxd7 36.Qxd7 Qxh4
37.Bc4 Qf2 38.Qf5 Kh8 39.e5 Qa7 40.Bd3 g6 41.Qf6+ Kh7 42.e6  1-0

[Event "Budapest FS02 GM"]
[Site "Budapest"]
[Date "1995.??.??"]
[Round "6"]
[White "Wallace, John Paul"]
[Black "Csom, Istvan"]
[Result "1/2-1/2"]
[WhiteElo "2345"]
[BlackElo "2455"]

1.e4 c5 2.Nf3 d6 3.d4 cxd4 4.Nxd4 Nf6 5.Nc3 Nc6 6.Bg5 e6 7.Qd2 a6 8.O-O-O h6
9.Be3 Bd7 10.f4 b5 11.Bd3 Be7 12.Kb1 Qc7 13.h3 Na5 14.g4 b4 15.Nce2 Nc4 16.Bxc4 Qxc4
17.Ng3 Rc8 18.b3 Qc7 19.Qe2 Qb7 20.Bc1 Rc3 21.Rd3 Rc5 22.Rf1 O-O 23.g5 hxg5
24.fxg5 Nh7 25.h4 g6 26.a4 e5 27.Nf3 Rfc8 28.Ne1 Rc3 29.Bb2 Be6 30.Qd2 Rxd3
31.Nxd3 a5 32.Qh2 Qc7 33.Rh1 Bg4 34.Qf2 Bf8 35.Nf1 Bg7 36.Ne3 Be6 37.Qg2 Qb7
38.h5 Qd7 39.Bc1 Rc3 40.Bd2 Rxd3 41.hxg6 fxg6 42.cxd3 Bxb3 43.Qh3 Qxh3 44.Rxh3 Nxg5
45.Rg3 Ne6 46.Kb2 Bxa4 47.Nc4 Nc5 48.Rxg6 Nxd3+ 49.Kb1 Kh7 50.Rxd6 Nf2 51.Rd5 Nxe4
52.Rxa5 Bb3 53.Rxe5 Nc3+ 54.Bxc3 bxc3 55.Re7  1/2-1/2

[Event "Budapest FS08 GM"]
[Site "Budapest"]
[Date "1995.??.??"]
[Round "6"]
[White "Borocz, Istvan"]
[Black "Delchev, Aleksander"]
[Result "1/2-1/2"]
[WhiteElo "2410"]
[BlackElo "2455"]

1.e4 c5 2.Nf3 Nc6 3.d4 cxd4 4.Nxd4 Nf6 5.Nc3 d6 6.Bg5 e6 7.Qd2 a6 8.O-O-O h6
9.Be3 Be7 10.f4 Nxd4 11.Bxd4 b5 12.Bd3 b4 13.Ne2 Qa5 14.Kb1 e5 15.Be3 Be6
16.Nc1 exf4 17.Bxf4 O-O 18.Rhf1 Rfd8 19.h3 d5 20.e5 Ne4 21.Bxe4 dxe4 22.Qe2 Rac8
23.Rxd8+ Qxd8 24.Rd1 Qb6 25.Qxe4 Rc4 26.Qf3 Bf5 27.Nd3 Be4 28.Qg3 Qc6 29.Rc1 a5
30.b3 Rc3 31.Bd2 a4 32.Bxc3 Qxc3 33.Qe1 Qd4 34.Qf2 Qc3 35.Qe1 Qd4 36.Qf2 Qc3
37.Qe2 Bg6 38.bxa4 Bf5 39.Rf1 Be6 40.Rf3 Qa3 41.Nc1 Qxa4 42.Rb3 Qa7 43.Nd3 Qg1+
44.Qe1 Qd4 45.Rxb4 Bxb4 46.Nxb4 Bf5 47.a4 Qa7 48.Kb2 Qxa4 49.c4 Qa7 50.Nd5 Qd4+
51.Qc3 Qf2+ 52.Kb3 Be4 53.g3 Qf1 54.Nf4 g5 55.Nd5 Bxd5 56.cxd5 Qb5+ 57.Ka3 Qxd5
58.Qc8+ Kg7 59.Qf5 Qc5+ 60.Kb3 Qe3+ 61.Ka4 Qxg3 62.Qf6+ Kg8 63.e6 fxe6 64.Qg6+ Kf8
65.Qf6+ Ke8 66.Qxe6+ Kd8 67.Qxh6 Ke7 68.Kb5 Qd3+ 69.Kc5 Qd2 70.Kc4 Kf7 71.Kc5 Qd8
72.Kc4  1/2-1/2

[Event "Budapest FS10 GM"]
[Site "Budapest"]
[Date "1995.??.??"]
[Round "6"]
[White "Enders, Peter"]
[Black "El Ghazali, Youssef M"]
[Result "1-0"]
[WhiteElo "2470"]
[BlackElo "2315"]

1.e4 c5 2.Nf3 Nc6 3.d4 cxd4 4.Nxd4 Nf6 5.Nc3 d6 6.Bg5 e6 7.Qd2 Be7 8.O-O-O O-O
9.h4 Nxd4 10.Qxd4 Qa5 11.Qd2 a6 12.Kb1 Qc7 13.Bd3 b5 14.f4 Bb7 15.a3 Rac8
16.Qe2 Rfe8 17.Rdf1 Nd7 18.f5 exf5 19.Rxf5 Ne5 20.Rhf1 f6 21.Bc1 Qd7 22.Nd5 Bxd5
23.exd5 g6 24.R5f2 f5 25.h5 Bh4 26.hxg6 hxg6 27.g3 Ng4 28.Qf3 Be7 29.Re2 Bf6
30.Qg2 Be5 31.Rh1 Re7 32.Rh4 Bf6 33.Rxg4 fxg4 34.Bxg6 Kg7 35.Rxe7+ Qxe7 36.Bf5 Rc4
37.Qd2 Kf7 38.Be6+ Kf8 39.Qf2 Kg7 40.Qf5 Rc7 41.Qxg4+  1-0